Words and Sentences/ (Record no. 207650)

MARC details
000 -LEADER
fixed length control field 00585 a2200193 4500
005 - DATE AND TIME OF LATEST TRANSACTION
control field 20250121145640.0
010 ## - LCCN (DPL NO)
LC control number ENG-143009
020 ## - INTERNATIONAL STANDARD BOOK NUMBER
Terms of availability 595.00
International Standard Book Number 9789392344039
035 ## - SYSTEM CONTROL NUMBER
System control number EN-126541
037 ## - SOURCE OF ACQUISITION
Source of stock number/acquisition DBAD
082 ## - DEWEY DECIMAL CLASSIFICATION NUMBER
Classification number 480
100 ## - MAIN ENTRY--PERSONAL NAME
Personal name Jones, H.S.V.
245 ## - TITLE STATEMENT
Title Words and Sentences/
Statement of responsibility, etc by H.S.V. Jones
250 ## - EDITION STATEMENT
Edition statement 1
260 ## - PUBLICATION, DISTRIBUTION, ETC. (IMPRINT)
Place of publication, distribution, etc Delhi
Name of publisher, distributor, etc Innovative Learning
Date of publication, distribution, etc 2022
270 ## - ADDRESS
Address 4852, Roshanara Road, Near Mata Mandir
City Delhi
Postal code 110007
Telephone number 8700413360
Electronic mail address innovativelearning007@gmail.com
300 ## - PHYSICAL DESCRIPTION
Extent 166p.
Dimensions 22cm.(hb)
942 ## - ADDED ENTRY ELEMENTS (KOHA)
Institution code [OBSOLETE] dpl
Item type English Books
Source of classification or shelving scheme Dewey Decimal Classification
Call number suffix JON
Classification part 480
Holdings
Withdrawn status Lost status Not for loan Collection code Home library Current library Date acquired Source of acquisition Cost, normal purchase price Full call number Barcode Copy number Cost, replacement price Koha item type
      Non-fiction Ashok Vihar Ashok Vihar 12/12/2024 Delivery of Books Division 595.00 480 JON EN-126541 1 595.00 English Books

© Delhi Public Library
Hit Counter
free hit counter